|
|
|
|
| LEADER |
00000nab a2200000 a 4500 |
| 001 |
vtls000551680 |
| 003 |
SK-MaSNL |
| 005 |
20260304215237.0 |
| 008 |
140617c xo 0 slo |
| 015 |
|
|
|a SNBRB19rr/mm-uuuuu
|
| 035 |
|
|
|a CL0551818
|
| 040 |
|
|
|a SNKBUCL
|b slo
|c SNKBUCL
|e AACR2
|
| 041 |
0 |
|
|a slo
|
| 044 |
|
|
|a xo
|c SK
|
| 080 |
|
|
|a 839.6-1
|2 1981
|
| 100 |
1 |
|
|a Obstfelder, Sigbjøorn,
|d 1866-1900
|4 aut
|9 184451
|
| 245 |
1 |
0 |
|a Smrť rozsieva
|c Sigbjörn Obstfelder ; preklad Ignác Grebáč
|
| 655 |
|
7 |
|a nórska poézia
|2 snkbucl
|9 115446
|
| 655 |
|
7 |
|a články z odboru literárna veda a krásna literatúra
|2 snkbucl
|9 770045
|
| 655 |
|
7 |
|a články z novín a časopisov
|2 snkbucl
|9 267496
|
| 700 |
1 |
|
|a Grebáč-Orlov, Ignác,
|d 1888-1957
|4 trl
|9 134933
|
| 773 |
0 |
|
|t Tvorba T
|g Roč. 5 (14), č. 3 (1995), s. 3
|
| 850 |
|
|
|a Slovenská národná knižnica v Martine
|a MTA001
|
| 852 |
|
|
|a SNK
|b KIS3GCP
|
| 958 |
|
|
|a RK
|
| 958 |
|
|
|a LX
|
| 958 |
|
|
|a NO
|
| 992 |
|
|
|a RBX
|
| 999 |
|
|
|c 3145489
|d 3147419
|